Cinéma en images par lettres - X, Y & Z - Statistiques

Statistiques générales
  • Ce quiz a été pris 141 fois
  • Le résultat moyen est 13 sur 24
Statistiques - réponses
Par images Hint Réponse % Correct
Personnage Yoda
98%
Film Zootopie
94%
Classification X
90%
Acteur Michaël Youn
88%
Franchise X-men
88%
Actrice Zendaya
88%
Personnages Zombies
85%
Acteur Jean-Pascal Zadi
79%
Film Yves Saint-Laurent
71%
Mouvement de caméra Zoom
64%
Compositeur Hans Zimmer
54%
Film Your Name
45%
Film Zodiac
45%
Personnage Xenomorphe
43%
Film Yamakasi
40%
Film Yannick
40%
Acteur Roschdy Zem
35%
Film La Zone d'intérêt
29%
Film Y'a-t-il un pilote dans l'avion
29%
Actrice Michelle Yeoh
28%
Actrice Elsa Zylberstein
19%
Acteur Jean Yanne
19%
Réalisateur Robert Zemeckis
14%
Réalisateur Claude Zidi
9%
Aucun quiz correspondant
Distribution des résultats
% des personnes avec chaque résultat
Percentile par nombre de réponses
Votre historique - résultats
Vous n’avez pas pris ce quiz